Majat hidup : (Record no. 66492)
[ view plain ]
| 000 -LEADER | |
|---|---|
| fixed length control field | 00541cam a22002171a 4500 |
| 001 - CONTROL NUMBER | |
| control field | sa 65009882 |
| 003 - CONTROL NUMBER IDENTIFIER | |
| control field | DLC |
| 005 - DATE AND TIME OF LATEST TRANSACTION | |
| control field | 20260227112205.0 |
| 008 - FIXED-LENGTH DATA ELEMENTS--GENERAL INFORMATION | |
| fixed length control field | 950414s1964 io 000 1 ind |
| 010 ## - LIBRARY OF CONGRESS CONTROL NUMBER | |
| LC control number | sa 65009882 |
| 025 ## - OVERSEAS ACQUISITION NUMBER | |
| Overseas acquisition number | PL480:Indo-2364 |
| 035 ## - SYSTEM CONTROL NUMBER | |
| System control number | (OCoLC)32306136 |
| 040 ## - CATALOGING SOURCE | |
| Original cataloging agency | DLC |
| Transcribing agency | WU |
| Modifying agency | DLC |
| 042 ## - AUTHENTICATION CODE | |
| Authentication code | premarc |
| 050 00 - LIBRARY OF CONGRESS CALL NUMBER | |
| Classification number | PL5089.T25 |
| Item number | M3 1964 |
| 100 1# - MAIN ENTRY--PERSONAL NAME | |
| Personal name | Tadaus, Dhalika. |
| 245 10 - TITLE STATEMENT | |
| Title | Majat hidup : |
| Remainder of title | kisah detektip. |
| 250 ## - EDITION STATEMENT | |
| Edition statement | [Tjet. 2.] |
| 260 ## - PUBLICATION, DISTRIBUTION, ETC. | |
| Place of publication, distribution, etc. | Medan : |
| Name of publisher, distributor, etc. | Realisa, |
| Date of publication, distribution, etc. | [1964] |
| 300 ## - PHYSICAL DESCRIPTION | |
| Extent | 48 p. ; |
| Dimensions | 18 cm. |
No items available.